<?xml version="1.0" encoding="UTF-8"?><?xml-stylesheet type="text/xsl" href="static/style.xsl"?><OAI-PMH xmlns="http://www.openarchives.org/OAI/2.0/" xmlns:xsi="http://www.w3.org/2001/XMLSchema-instance" xsi:schemaLocation="http://www.openarchives.org/OAI/2.0/ http://www.openarchives.org/OAI/2.0/OAI-PMH.xsd"><responseDate>2026-06-29T22:13:43Z</responseDate><request verb="GetRecord" identifier="oai:riubu.ubu.es:10259/8672" metadataPrefix="marc">https://riubu.ubu.es/oai/request</request><GetRecord><record><header><identifier>oai:riubu.ubu.es:10259/8672</identifier><datestamp>2024-02-10T01:05:25Z</datestamp><setSpec>com_10259_4145</setSpec><setSpec>com_10259_5086</setSpec><setSpec>com_10259_2604</setSpec><setSpec>col_10259_4146</setSpec></header><metadata><record xmlns="http://www.loc.gov/MARC21/slim" xmlns:doc="http://www.lyncode.com/xoai" xmlns:xsi="http://www.w3.org/2001/XMLSchema-instance" xmlns:dcterms="http://purl.org/dc/terms/" xsi:schemaLocation="http://www.loc.gov/MARC21/slim http://www.loc.gov/standards/marcxml/schema/MARC21slim.xsd">
<leader>00925njm 22002777a 4500</leader>
<datafield tag="042" ind1=" " ind2=" ">
<subfield code="a">dc</subfield>
</datafield>
<datafield tag="720" ind1=" " ind2=" ">
<subfield code="a">García Terceño, Eva M.</subfield>
<subfield code="e">author</subfield>
</datafield>
<datafield tag="720" ind1=" " ind2=" ">
<subfield code="a">Greca Dufranc, Ileana María</subfield>
<subfield code="e">author</subfield>
</datafield>
<datafield tag="720" ind1=" " ind2=" ">
<subfield code="a">Santa Olalla Mariscal, Gemma</subfield>
<subfield code="e">author</subfield>
</datafield>
<datafield tag="720" ind1=" " ind2=" ">
<subfield code="a">Díez Ojeda, María</subfield>
<subfield code="e">author</subfield>
</datafield>
<datafield tag="260" ind1=" " ind2=" ">
<subfield code="c">2023-02</subfield>
</datafield>
<datafield tag="520" ind1=" " ind2=" ">
<subfield code="a">Non-formal education is an important resource to foster scientific competence for active and responsible citizenship. However, these spaces do not always have the necessary requirements for everyone to access and participate. Therefore, with the intention of contributing to the creation of barrier-free spaces, the present study aims to identify the most appropriate psycho-pedagogical supports for the design and implementation of a scientific activity for a group of deaf and hard of hearing children. To achieve this objective, an instrumental case study was employed. The results, obtained through direct observation, satisfaction questionnaires, and interviews, show great interest among the children and both the sign interpreters accompanying the sessions and the organizers from the association assessed the activity in a positive light. These results also point to the need for spaces that could initially be controlled and that might strengthen the expectations among the participants and their families of participation in similar initiatives within more heterogeneous groups.</subfield>
</datafield>
<datafield tag="024" ind2=" " ind1="8">
<subfield code="a">http://hdl.handle.net/10259/8672</subfield>
</datafield>
<datafield tag="024" ind2=" " ind1="8">
<subfield code="a">10.3389/feduc.2023.1084373</subfield>
</datafield>
<datafield tag="024" ind2=" " ind1="8">
<subfield code="a">2504-284X</subfield>
</datafield>
<datafield ind1=" " ind2=" " tag="653">
<subfield code="a">Non-formal education</subfield>
</datafield>
<datafield ind1=" " ind2=" " tag="653">
<subfield code="a">Deaf and hard-of-hearing children</subfield>
</datafield>
<datafield ind1=" " ind2=" " tag="653">
<subfield code="a">Inclusive education</subfield>
</datafield>
<datafield ind1=" " ind2=" " tag="653">
<subfield code="a">Scientist inquiry</subfield>
</datafield>
<datafield ind1=" " ind2=" " tag="653">
<subfield code="a">Special educational needs</subfield>
</datafield>
<datafield tag="245" ind1="0" ind2="0">
<subfield code="a">The participation of deaf and hard of hearing children in non-formal science activities</subfield>
</datafield>
</record></metadata></record></GetRecord></OAI-PMH>